Télen, nyáron nyitva áll

Bibliographic Details
Main Author: Dikácz, Zsuzsanna (Author)
Format: Article
Language:Hungarian
Slovak
PhysicalDescription:Fotogr.
ISSN:1335-6593
Subjects:

MARC

LEADER 00000nab a2200000 ar4500
001 vtls008418575
003 SK-MaSNL
005 20260319071312.0
008 051214c2005 xo |||||||| |000 b|hun
015 |a SNBRB2005/12  |2 snkbucl 
038 |a SNKBUCL 
040 |a DSZK  |b slo  |c DSZK  |e AACR2 
041 0 |a slo 
044 |a xo  |c SK 
080 |a 069.6.02(437.6):908  |2 UDC-MRF-SK2 
080 |a 398.1  |x (=511.141)  |2 UDC-MRF-SK2 
100 1 |a Dikácz, Zsuzsanna  |4 aut  |9 871187 
245 1 0 |a Télen, nyáron nyitva áll  |c Dikácz Zsuzsanna 
300 |b Fotogr. 
610 2 7 |a Vlastivedný dom (Salka, Slovensko)  |2 snkbucl  |9 858955 
650 0 7 |a ľudové tradície  |2 snkbucl  |9 4960 
651 7 |a Salka (Slovensko)  |2 snkbucl  |9 14896 
773 0 |t Tábortűz  |g Évf. 55, sz. 3 (2005), o. 10  |x 1335-6593 
852 |a SNK  |b KIS3GCP 
852 |a DSZK  |b KIS3GCP 
958 |a HU 
958 |a SK 
999 |c 1753748  |d 1755678